Building social business : (Record no. 8149)

MARC details
000 -LEADER
fixed length control field 00655nam a22001697a 4500
008 - FIXED-LENGTH DATA ELEMENTS--GENERAL INFORMATION
fixed length control field 190712b ||||| |||| 00| 0 eng d
020 ## - INTERNATIONAL STANDARD BOOK NUMBER
International Standard Book Number 9781586489564
082 ## - DEWEY DECIMAL CLASSIFICATION NUMBER
Classification number 658.4 YUN
100 ## - MAIN ENTRY--PERSONAL NAME
Personal name Yunus, Muhammad
245 ## - TITLE STATEMENT
Title Building social business :
Remainder of title the new kind of capitalism that serves humanity's most pressing needs.
260 ## - PUBLICATION, DISTRIBUTION, ETC.
Place of publication, distribution, etc. New York :
Name of publisher, distributor, etc. Public Affairs,
Date of publication, distribution, etc. 2010.
300 ## - PHYSICAL DESCRIPTION
Extent xxv, 226 p. ;
Dimensions 25 cm.
500 ## - GENERAL NOTE
General note Includes index. <br/>Collection subset: Management and Business Studies
650 ## - SUBJECT ADDED ENTRY--TOPICAL TERM
Topical term or geographic name entry element Social responsibility of business; Social entrepreneurship; Capitalism -- Moral and ethical aspects;
700 ## - ADDED ENTRY--PERSONAL NAME
Personal name Karl Weber
942 ## - Added entry Elements (Koha)
Source of classification or shelving scheme Dewey Decimal Classification
Holdings
Withdrawn status Lost status Source of classification or shelving scheme Damaged status Not for loan Collection code Home library Current library Shelving location Date acquired Serial Enumeration / chronology Total Checkouts Total Renewals Full call number Barcode Checked out Date last seen Date last checked out Price effective from Koha item type
    Dewey Decimal Classification     Main TEST RTC Library RTC Library Main opac 12/07/2019 14080 2 5 658.4 YUN 30013890 26/05/2026 31/07/2025 31/07/2025 12/07/2019 Main
Royal Thimphu College || All Right Reserved